Pokémon - Ground-type Pokémon - Statistics

General Stats
  • This quiz has been taken 345 times
    6 since last reset
  • The average score is 77 of 92
Answer Stats
Second Type Pokémon % Correct
N/A Cubone
100%
N/A Diglett
100%
N/A Donphan
100%
N/A Drilbur
100%
N/A Dugtrio
100%
Steel Excadrill
100%
Dragon Flygon
100%
Flying Gligar
100%
Flying Gliscor
100%
N/A Groudon
100%
N/A Hippopotas
100%
N/A Hippowdon
100%
Dark Krokorok
100%
Dark Krookodile
100%
Rock Larvitar
100%
N/A Marowak
100%
Water Marshtomp
100%
N/A Mudsdale
100%
Poison Nidoking
100%
Rock Onix
100%
N/A Phanpy
100%
Rock Pupitar
100%
Rock Rhydon
100%
Rock Rhyhorn
100%
Rock Rhyperior
100%
Dark Sandile
100%
MONOTYPE Sandshrew
100%
N/A Sandslash
100%
Water Seismitoad
100%
Steel Steelix
100%
Water Swampert
100%
N/A Trapinch
100%
Dragon Vibrava
100%
PRIMARY GROUND (Steel) Alolan Diglett
75%
Steel Alolan Dugtrio
75%
Psychic Baltoy
75%
Water Barboach
75%
Fire Camerupt
75%
Psychic Claydol
75%
Poison Clodsire
75%
Normal Diggersby
75%
Dragon Gabite
75%
Steel Galarian Stunfisk
75%
Ghost Galarian Yamask
75%
Dragon Garchomp
75%
Water Gastrodon
75%
Rock Geodude
75%
Dragon Gible
75%
Rock Golem
75%
Ghost Golett
75%
Ghost Golurk
75%
Rock Graveler
75%
Fighting Great Tusk
75%
Steel Iron Treads
75%
Flying Landorus Incarnate
75%
Flying Landorus Therian
75%
Ice Mamoswine
75%
Fire Mega Camerupt
75%
Steel Mega Excadrill
75%
Dragon Mega Garchomp
75%
Ghost Mega Golurk
75%
Steel Mega Steelix
75%
Water Mega Swampert
75%
Dragon Mega Zygarde
75%
N/A Mudbray
75%
SECONDARY GROUND (Poison) Nidoqueen
75%
Bug Nincada
75%
Fire Numel
75%
Poison Paldean Wooper
75%
Ghost Palossand
75%
Water Palpitoad
75%
Ice Piloswine
75%
Fire Primal Groudon
75%
Water Quagsire
75%
Ghost Runerigus
75%
N/A Sandaconda
75%
Bug Sandy Cloak Wormadam
75%
Ghost Sandygast
75%
Electric Sandy Shocks
75%
N/A Silicobra
75%
Electric Stunfisk
75%
Ice Swinub
75%
Dark Ting-Lu
75%
Grass Toedscool
75%
Grass Toedscruel
75%
Grass Torterra
75%
Normal Ursaluna
75%
Water Whiscash
75%
Water Wooper
75%
Dragon Zygarde 10%
75%
Dragon Zygarde 50%
75%
Dragon Zygarde Complete Form
75%
No matching quizzes found
Score Distribution
Percent of People with Each Score
Percentile by Number Answered
Your Score History
You have not taken this quiz since the last reset